Rozpoznaj dzielnicę Warszawy po przystanku autobusowym/tramwajowym! #3 - Statystyki

Ogólne statystyki
  • Ten quiz został rozwiązany 175 razy
  • Średni wynik to 13 z 15
Statystyki odpowiedzi
Nazwa przystanku Dzielnica % Poprawnych
Krucza 06 Śródmieście
96%
Domaniewska 01 Mokotów
94%
Hale Banacha 03 Ochota
94%
Dalibora 01 Wola
92%
Szeligowska-Wiadukt 01 Bemowo
90%
Powązkowska 03 Żoliborz
90%
Andersena 02 Bielany
88%
Plac Tysiąclecia 02 Ursus
87%
Frachtowa 02 Białołęka
86%
Świętego Wincentego 03 Praga Północ
86%
Wąwozowa 04 Ursynów
85%
Wałowicka 01 Włochy
84%
Toruńska 01 Targówek
83%
Osiedle Arbuzowa 01 Wilanów
83%
1. Praskiego Pułku 04 Wesoła
79%
Nie znaleziono quizów pasujących do podanych kryteriów
Rozkład punktacji
Procent ludzi z każdym wynikiem
Percentyl według liczby udzielonych odpowiedzi
Twoja historia wyników
Nie rozwiązałeś tego quizu